000 00453nam a2200145Ia 4500
008 200611s9999 xx 000 0 und d
020 _a978-0-7619-4451-5
100 _aField, Andy
245 _cAndy Field.--
_aDiscovering Statistics using SPSS /
250 _a2nd ed.
260 _aLondon:
_bSAGE Publication Ltd.
_c2005
300 _axxxiv, 779 pages
_bcolored illustrations
500 _aIncludes references and index.
650 _aSPSS for Windows.
999 _c363477
_d363477